[Event "Prague Summer op 7th"]
[Site "Prague"]
[Date "2020.08.13"]
[Round "7"]
[White "Pribyl, Viktor"]
[Black "Marakovits, Nico"]
[Result "0-1"]
[WhiteElo "2221"]
[BlackElo "2105"]
[PlyCount "110"]
[EventDate "2020.08.08"]
[EventType "swiss"]
[EventRounds "9"]
[EventCountry "CZE"]
[SourceTitle "CBM 197 Extra"]
[Source "ChessBase"]
[SourceDate "2020.09.30"]
[SourceVersion "1"]
[SourceVersionDate "2020.09.30"]
[SourceQuality "1"]

1. d4 Nf6 2. c4 g6 3. Nc3 Bg7 4. e4 d6 5. Nf3 0-0 6. Be2 e5 7. d5 a5 8. Bg5 h6 9. Be3 Ng4 10. Bd2 f5 11. h3 Nf6 12. exf5 gxf5 13. Qc1 Kh7 14. g4 fxg4 15. hxg4 Nxg4 16. Ng5+ Kg8 17. Bxg4 Bxg4 18. Ne6 Bxe6 19. dxe6 Qf6 20. Rh2 Qxe6 21. Bxh6 Bxh6 22. Qxh6 Qxh6 23. Rxh6 Kg7 24. Rh3 Na6 25. Ke2 Rh8 26. Rg1+ Kf7 27. Rf3+ Ke6 28. Rg6+ Kd7 29. Rf7+ Kc6 30. Rgf6 Nc5 31. Nd5 Na6 32. b3 Rab8 33. a4 Rh3 34. Rf3 Rxf3 35. Kxf3 Rh8 36. Kg2 Rh4 37. Re7 Rd4 38. Rg7 b6 39. Rg3 Kc5 40. Rg7 c6 41. Nf6 Kb4 42. Nd7 Kxb3 43. Nxb6 Nc5 44. Rc7 Nxa4 45. Nxa4 Kxa4 46. Rxc6 Kb4 47. Ra6 a4 48. Kf3 a3 49. Ke3 Kb3 50. f4 Rxf4 51. Rxd6 Rxc4 52. Rb6+ Rb4 53. Rd6 a2 54. Rd3+ Kc4 55. Ra3 Rb3+ 0-1

[Event "Prague Summer op 7th"]
[Site "Prague"]
[Date "2020.08.11"]
[Round "5"]
[White "Miedema, David"]
[Black "Pribyl, Viktor"]
[Result "1-0"]
[WhiteElo "2382"]
[BlackElo "2221"]
[PlyCount "74"]
[EventDate "2020.08.08"]
[EventType "swiss"]
[EventRounds "9"]
[EventCountry "CZE"]
[SourceTitle "CBM 197 Extra"]
[Source "ChessBase"]
[SourceDate "2020.09.30"]
[SourceVersion "1"]
[SourceVersionDate "2020.09.30"]
[SourceQuality "1"]

1. d4 Nf6 2. c4 g6 3. f3 c5 4. d5 d6 5. e4 Bg7 6. Nc3 0-0 7. Bg5 h6 8. Be3 e6 9. Qd2 h5 10. dxe6 Bxe6 11. Nb5 a6 12. Nxd6 Qb6 13. e5 Nfd7 14. f4 Rd8 15. Rd1 Nxe5 16. fxe5 Bxe5 17. Bxc5 Qxc5 18. Nxb7 Rxd2 19. Nxc5 Rxb2 20. Rd8+ Kg7 21. Nxe6+ fxe6 22. Nf3 Bc3+ 23. Kd1 Ra7 24. Rd3 Bf6 25. Rb3 Rb7 26. Rxb7+ Rxb7 27. Bd3 Rb2 28. Re1 Rxa2 29. Rxe6 Ra1+ 30. Kd2 Ra2+ 31. Kd1 Kf7 32. Rd6 Rxg2 33. c5 Be7 34. Ne5+ Kg7 35. Rb6 Bxc5 36. Rxb8 g5 37. Rb7+ Kg8 1-0

[Event "CZE-chT1W 1920"]
[Site "Czech Republic"]
[Date "2020.03.01"]
[Round "9.3"]
[White "Pribyl, Viktor"]
[Black "Richtrova, Eliska"]
[Result "0-1"]
[WhiteElo "2069"]
[BlackElo "2213"]
[PlyCount "88"]
[EventDate "2019.10.20"]
[EventType "team-tourn"]
[EventRounds "11"]
[EventCountry "CZE"]
[SourceTitle "CBM 195 Extra"]
[Source "ChessBase"]
[SourceDate "2020.05.31"]
[SourceVersion "1"]
[SourceVersionDate "2020.05.31"]
[SourceQuality "1"]
[WhiteTeam "Praha DP EA Hotels"]
[BlackTeam "Ceske Budejovice"]
[WhiteTeamCountry "CZE"]
[BlackTeamCountry "CZE"]

1. d4 Nf6 2. c4 d6 3. Nc3 Nbd7 4. Nf3 e5 5. e4 Be7 6. Be2 0-0 7. 0-0 c6 8. Qc2 Qc7 9. Rd1 Re8 10. b3 Nf8 11. Bb2 Ng6 12. Rac1 Bf8 13. b4 Nf4 14. d5 Bg4 15. Ne1 cxd5 16. Bxg4 Nxg4 17. Nxd5 Nxd5 18. Rxd5 Rac8 19. Rd3 b5 20. Qe2 Nf6 21. cxb5 Qb7 22. Rxc8 Rxc8 23. Re3 g6 24. f3 Nd7 25. Rc3 Nb6 26. Rxc8 Qxc8 27. Qc2 Qe6 28. a4 Bh6 29. Bc1 Bxc1 30. Qxc1 Qb3 31. a5 Nc4 32. b6 axb6 33. axb6 Nxb6 34. Nc2 Nc4 35. Qd1 Na3 36. Qxd6 Qb1+ 37. Kf2 Qxc2+ 38. Kg3 Qc3 39. b5 Nc4 40. Qb8+ Kg7 41. b6 Qe1+ 42. Kh3 g5 43. g3 h5 44. Kg2 Ne3+ 0-1

[Event "Prague Summer op-A 6th"]
[Site "Prague"]
[Date "2019.08.04"]
[Round "4"]
[White "Dushyant, Sharma"]
[Black "Pribyl, Viktor"]
[Result "1-0"]
[WhiteElo "2228"]
[BlackElo "1969"]
[PlyCount "39"]
[EventDate "2019.08.02"]
[EventType "swiss"]
[EventRounds "9"]
[EventCountry "CZE"]
[SourceTitle "CBM 191 Extra"]
[Source "ChessBase"]
[SourceDate "2019.09.30"]
[SourceVersion "1"]
[SourceVersionDate "2019.09.30"]
[SourceQuality "1"]

1. e4 g6 2. d4 Bg7 3. Nc3 c5 4. Nf3 Qa5 5. dxc5 Bxc3+ 6. bxc3 Qxc3+ 7. Bd2 Qxc5 8. Bd3 d6 9. 0-0 Nc6 10. Rb1 Nf6 11. Rb5 Qa3 12. Rb3 Qa4 13. Qc1 Nd4 14. Nxd4 Qxd4 15. Bc3 Qc5 16. Bb5+ Kf8 17. e5 Be6 18. Qh6+ Kg8 19. exf6 exf6 20. Bxf6 1-0

[Event "CZE-chT U18 Extraliga final-A 1819"]
[Site "Czech Republic"]
[Date "2019.04.13"]
[Round "9.3"]
[White "Ludvik, Tomas"]
[Black "Pribyl, Viktor"]
[Result "1-0"]
[WhiteElo "2158"]
[BlackElo "2006"]
[PlyCount "97"]
[EventDate "2018.10.05"]
[EventType "team-tourn"]
[EventRounds "11"]
[EventCountry "CZE"]
[SourceTitle "EXT 2023"]
[Source "ChessBase"]
[SourceDate "2022.10.05"]
[SourceVersion "1"]
[SourceVersionDate "2022.10.05"]
[SourceQuality "1"]
[WhiteTeam "Polabiny (U18)"]
[BlackTeam "Praha Porg (U18)"]
[WhiteTeamCountry "CZE"]
[BlackTeamCountry "CZE"]

1. d4 Nf6 2. c4 g6 3. Nc3 d5 4. cxd5 Nxd5 5. e4 Nxc3 6. bxc3 Bg7 7. Nf3 0-0 8. Rb1 c5 9. Be2 Nc6 10. d5 Bxc3+ 11. Bd2 Bxd2+ 12. Qxd2 Na5 13. h4 Bg4 14. h5 Bxf3 15. gxf3 e5 16. Rd1 b6 17. d6 Qf6 18. Qd5 Kg7 19. Rh2 Rfd8 20. Ba6 c4 21. Ke2 c3 22. Rhh1 Rab8 23. Rd3 Rd7 24. h6+ Kf8 25. Bb5 Rdd8 26. Rc1 Rbc8 27. Rcxc3 Rxc3 28. Rxc3 Qxd6 29. Qxd6+ Rxd6 30. Rc8+ Ke7 31. Rh8 Rd8 32. Rxh7 Nb7 33. f4 Nd6 34. Bd3 exf4 35. e5 Nf5 36. Bxf5 gxf5 37. Kf3 a5 38. Kxf4 Ke6 39. Rg7 Rh8 40. h7 f6 41. Rg6 Ke7 42. exf6+ Kf7 43. Rh6 b5 44. Kxf5 b4 45. Ke4 Ke6 46. Kd4 Kf5 47. f7 Kg5 48. f8Q Rxf8 49. h8Q 1-0

[Event "Prague op-A 18th"]
[Site "Prague"]
[Date "2019.01.11"]
[Round "1"]
[White "Pribyl, Viktor"]
[Black "Vokac, Marek"]
[Result "0-1"]
[WhiteElo "2020"]
[BlackElo "2380"]
[PlyCount "96"]
[EventDate "2019.01.11"]
[EventType "swiss"]
[EventRounds "9"]
[EventCountry "CZE"]
[SourceTitle "CBM 188 Extra"]
[Source "ChessBase"]
[SourceDate "2019.02.26"]
[SourceVersion "1"]
[SourceVersionDate "2019.02.26"]
[SourceQuality "1"]

1. d4 c5 2. c3 Qc7 3. g3 Nf6 4. Bg2 d6 5. Nf3 g6 6. 0-0 Bg7 7. dxc5 Qxc5 8. Be3 Qh5 9. Qa4+ Nc6 10. Nd4 0-0 11. Nxc6 bxc6 12. Qxc6 Ng4 13. h4 Nxe3 14. Qxa8 Nxf1 15. Bxf1 Qb5 16. b4 Qb6 17. Bg2 Ba6 18. Qe4 e6 19. a4 d5 20. Qc2 Rc8 21. b5 Bb7 22. Ra3 a6 23. e4 d4 24. c4 axb5 25. axb5 Bf8 26. Ra2 Bb4 27. Kh2 Qc5 28. Ra4 e5 29. Qb2 Be1 30. Qe2 Bc3 31. Qc2 Rd8 32. Qd3 Bb4 33. Na3 Qe7 34. Nc2 Bc5 35. Ne1 f5 36. Kg1 Qf7 37. f3 Qf6 38. Ra2 f4 39. g4 Qxh4 40. Kf1 Qh2 41. Ra4 h5 42. gxh5 gxh5 43. b6 Qh4 44. Ke2 Rd6 45. Qb3 d3+ 46. Nxd3 Qh2 47. Kd2 Qxg2+ 48. Kc3 Qxf3 0-1

[Event "CZE-chT U18 Extraliga West 1819"]
[Site "Czech Republic"]
[Date "2018.10.12"]
[Round "2.3"]
[White "Hurtik, Matej"]
[Black "Pribyl, Viktor"]
[Result "0-1"]
[WhiteElo "1896"]
[BlackElo "2006"]
[PlyCount "78"]
[EventDate "2018.10.05"]
[EventType "team-tourn"]
[EventRounds "11"]
[EventCountry "CZE"]
[SourceTitle "EXT 2023"]
[Source "ChessBase"]
[SourceDate "2022.10.05"]
[SourceVersion "1"]
[SourceVersionDate "2022.10.05"]
[SourceQuality "1"]
[WhiteTeam "Novoborsky U18"]
[BlackTeam "Praha Porg (U18)"]
[WhiteTeamCountry "CZE"]
[BlackTeamCountry "CZE"]

1. e4 c5 2. c3 d5 3. exd5 Qxd5 4. d4 g6 5. Nf3 Bg7 6. Be3 cxd4 7. cxd4 Nc6 8. Nc3 Qa5 9. Bc4 Nf6 10. 0-0 0-0 11. d5 Rd8 12. Qe2 Nb4 13. Rfd1 Nbxd5 14. Nxd5 Nxd5 15. Bxd5 Rxd5 16. Rxd5 Qxd5 17. Rd1 Qa5 18. Bg5 Be6 19. Bxe7 Qxa2 20. Ba3 Rc8 21. h3 h6 22. Nd4 Re8 23. Nxe6 Qxe6 24. Qb5 Qe2 25. Qd7 b5 26. Bb4 Bxb2 27. Re1 Qxe1+ 28. Bxe1 Rxe1+ 29. Kh2 Be5+ 30. g3 b4 31. Qa4 a5 32. Qxa5 Bc3 33. Qa2 Kg7 34. Kg2 Rd1 35. Qc2 Rd2 36. Qc1 Rb2 37. Kf3 Bf6 38. h4 b3 39. Qc4 Rc2 0-1

[Event "Prague Summer op-A 5th"]
[Site "Prague"]
[Date "2018.08.06"]
[Round "5"]
[White "Plesek, Jiri"]
[Black "Pribyl, Viktor"]
[Result "1-0"]
[WhiteElo "2165"]
[BlackElo "1983"]
[PlyCount "67"]
[EventDate "2018.08.03"]
[EventType "swiss"]
[EventRounds "9"]
[EventCountry "CZE"]
[SourceTitle "CBM 185 Extra"]
[Source "ChessBase"]
[SourceDate "2018.07.29"]
[SourceVersion "1"]
[SourceVersionDate "2018.07.29"]
[SourceQuality "1"]

1. Nf3 d6 2. d4 Bg4 3. e4 Nd7 4. Nbd2 Ngf6 5. Bd3 e5 6. c3 Be7 7. h3 Bh5 8. Nf1 0-0 9. g4 Bg6 10. Ng3 c5 11. d5 c4 12. Bc2 Nc5 13. Qe2 Rc8 14. 0-0 Qd7 15. b4 Na4 16. Bd2 Nb6 17. a4 Nbxd5 18. Nf5 Bxf5 19. gxf5 Nb6 20. a5 Na8 21. Be3 b5 22. Kh1 Rfe8 23. Rg1 g6 24. Rad1 Qc7 25. Nh4 Kh8 26. f4 exf4 27. Bd4 Kg8 28. Qf3 d5 29. exd5 Qd7 30. fxg6 fxg6 31. Bxg6 Kh8 32. Bf5 Qd6 33. Ng6+ hxg6 34. Rxg6 1-0

[Event "Prague Summer op-A 5th"]
[Site "Prague"]
[Date "2018.08.03"]
[Round "1"]
[White "Olsarova, Karolina"]
[Black "Pribyl, Viktor"]
[Result "1-0"]
[WhiteElo "2331"]
[BlackElo "1983"]
[PlyCount "75"]
[EventDate "2018.08.03"]
[EventType "swiss"]
[EventRounds "9"]
[EventCountry "CZE"]
[SourceTitle "CBM 185 Extra"]
[Source "ChessBase"]
[SourceDate "2018.07.29"]
[SourceVersion "1"]
[SourceVersionDate "2018.07.29"]
[SourceQuality "1"]

1. e4 c5 2. Nf3 d6 3. Bb5+ Bd7 4. Bxd7+ Qxd7 5. c4 Nf6 6. Nc3 Nc6 7. d4 cxd4 8. Nxd4 g6 9. f3 Bg7 10. Nde2 0-0 11. Bg5 Rfc8 12. 0-0 h6 13. Be3 Na5 14. b3 Ne8 15. Rb1 Nc7 16. Qd2 Kh7 17. Rfd1 Ne6 18. Kh1 Qd8 19. f4 Nc5 20. e5 b6 21. exd6 Nab7 22. b4 Ne6 23. dxe7 Qxe7 24. Nd5 Qe8 25. f5 gxf5 26. Qc2 Nd6 27. Nxb6 axb6 28. Rxd6 b5 29. c5 Kh8 30. Rbd1 Ra3 31. Bxh6 Bxh6 32. Qb2+ Bg7 33. Qxa3 Be5 34. Qh3+ Kg7 35. Ng3 Bxd6 36. Nxf5+ Kg8 37. cxd6 Qd7 38. Ne7+ 1-0

[Event "Prague Menchik Memorial rapid"]
[Site "Prague"]
[Date "2018.06.10"]
[Round "4"]
[White "Postupa, Pavel1111"]
[Black "Pribyl, Viktor"]
[Result "1-0"]
[WhiteElo "2230"]
[BlackElo "2045"]
[PlyCount "69"]
[EventDate "2018.06.10"]
[EventType "swiss (rapid)"]
[EventRounds "9"]
[EventCountry "CZE"]
[SourceTitle "CBM 184 Extra"]
[Source "ChessBase"]
[SourceDate "2018.06.28"]
[SourceVersion "1"]
[SourceVersionDate "2018.06.28"]
[SourceQuality "1"]

1. e4 c5 2. Nf3 d6 3. d4 cxd4 4. Nxd4 Nf6 5. Nc3 a6 6. f3 e5 7. Nb3 Be6 8. Be3 Nbd7 9. Qd2 Rc8 10. 0-0-0 h5 11. Nd5 Bxd5 12. exd5 Qc7 13. Kb1 b5 14. g3 Nb6 15. Bxb6 Qxb6 16. Bh3 Rc7 17. f4 Ne4 18. Qe2 Nf2 19. fxe5 Re7 20. e6 Nxh3 21. Rhf1 f6 22. c4 bxc4 23. Qxc4 Rc7 24. Qe4 Ng5 25. Qg6+ Kd8 26. Rc1 Rh6 27. Qd3 Qb5 28. Qd4 Qb7 29. Na5 Qb5 30. Rxc7 Qxa5 31. Rfc1 Qxc7 32. Rxc7 Kxc7 33. Qa7+ Kc8 34. Qa8+ Kc7 35. Qxf8 1-0

[Event "CZE-chT2C 1718"]
[Site "Czech Republic"]
[Date "2018.02.11"]
[Round "8.8"]
[White "Mazanek, David"]
[Black "Pribyl, Viktor"]
[Result "1/2-1/2"]
[WhiteElo "1897"]
[BlackElo "1986"]
[PlyCount "71"]
[EventDate "2017.10.15"]
[EventType "team-tourn"]
[EventRounds "11"]
[EventCountry "CZE"]
[SourceTitle "EXT 2022"]
[Source "ChessBase"]
[SourceDate "2021.10.06"]
[SourceVersion "1"]
[SourceVersionDate "2021.10.06"]
[SourceQuality "1"]
[WhiteTeam "Praha Eurovia"]
[BlackTeam "Kolin"]
[WhiteTeamCountry "CZE"]
[BlackTeamCountry "CZE"]

1. e4 c5 2. Nf3 d6 3. d4 cxd4 4. Nxd4 Nf6 5. Nc3 a6 6. Be2 e6 7. 0-0 Be7 8. Be3 0-0 9. Nb3 b5 10. a3 Bb7 11. f3 Qc7 12. Qe1 d5 13. exd5 Nxd5 14. Nxd5 Bxd5 15. Nd4 Bc5 16. Bd3 Qa7 17. c3 Nc6 18. Qh4 h6 19. Bf2 Ne5 20. Be4 Bxe4 21. Qxe4 Nc4 22. Qc2 e5 23. Nf5 Bxf2+ 24. Qxf2 Nxb2 25. Qxa7 Rxa7 26. Rfb1 Na4 27. c4 Rd7 28. cxb5 Nc3 29. Re1 axb5 30. Rxe5 Ra8 31. Rc5 b4 32. Rc4 Nd5 33. Rd4 Rxa3 34. Rxa3 bxa3 35. Ra4 Nf4 36. Rxa3 1/2-1/2

[Event "Prague Summer op 4th"]
[Site "Prague"]
[Date "2017.08.04"]
[Round "1"]
[White "Radeva, Viktoria"]
[Black "Pribyl, Viktor"]
[Result "1-0"]
[WhiteElo "2214"]
[BlackElo "1906"]
[PlyCount "71"]
[EventDate "2017.08.04"]
[EventType "swiss"]
[EventRounds "9"]
[EventCountry "CZE"]
[SourceTitle "CBM 179 Extra"]
[Source "ChessBase"]
[SourceDate "2017.08.23"]
[SourceVersion "1"]
[SourceVersionDate "2017.08.23"]
[SourceQuality "1"]

1. e4 d6 2. d4 Nf6 3. Nc3 Nbd7 4. Nf3 e5 5. Bc4 Be7 6. 0-0 h6 7. Re1 c6 8. a4 a5 9. h3 Qc7 10. Be3 Nf8 11. d5 g5 12. Nd2 Ng6 13. Be2 Nf4 14. Nc4 Nxe2+ 15. Qxe2 c5 16. Nb5 Qd8 17. Bxc5 dxc5 18. d6 0-0 19. dxe7 Qxe7 20. Qd2 Be6 21. Nxa5 c4 22. b3 c3 23. Qxc3 Rfc8 24. Nc4 Qc5 25. Nba3 g4 26. Qxe5 Qe7 27. hxg4 Nxg4 28. Qg3 h5 29. Nb6 h4 30. Nxc8 Qg5 31. Ne7+ Kg7 32. Qc3+ Kh7 33. Nf5 Bxf5 34. exf5 Qf4 35. Qh3 Nxf2 36. Qf3 1-0

[Event "Prague Prucha Memorial"]
[Site "Prague"]
[Date "2017.07.04"]
[Round "4"]
[White "Ptak, Pavel"]
[Black "Pribyl, Viktor"]
[Result "1-0"]
[WhiteElo "2120"]
[BlackElo "1953"]
[PlyCount "57"]
[EventDate "2017.07.01"]
[EventType "tourn"]
[EventRounds "9"]
[EventCountry "CZE"]
[SourceTitle "CBM 179 Extra"]
[Source "ChessBase"]
[SourceDate "2017.08.23"]
[SourceVersion "1"]
[SourceVersionDate "2017.08.23"]
[SourceQuality "1"]

1. g3 Nf6 2. Bg2 d5 3. Nf3 Bf5 4. d3 e6 5. 0-0 h6 6. c4 c6 7. Be3 Ng4 8. Bd2 Bc5 9. b4 Bd6 10. Bc3 0-0 11. Nbd2 Qe7 12. e4 dxe4 13. dxe4 Bh7 14. h3 Nxf2 15. Rxf2 Bxg3 16. Re2 Nd7 17. Qb3 c5 18. Qb2 f5 19. Rd1 g5 20. exf5 Bxf5 21. Ne4 Bc7 22. Ne5 Nxe5 23. Bxe5 Bxe5 24. Qxe5 g4 25. Ng3 Rae8 26. Bd5 gxh3 27. Nxf5 Qg5+ 28. Qg3 exd5 29. Nxh6+ 1-0

[Event "EU-ch U12 26th"]
[Site "Prague"]
[Date "2016.08.24"]
[Round "6"]
[White "Harutyunyan, Safar"]
[Black "Pribyl, Viktor"]
[Result "1-0"]
[WhiteElo "1867"]
[BlackElo "1742"]
[PlyCount "45"]
[EventDate "2016.08.18"]
[EventType "swiss"]
[EventRounds "9"]
[EventCountry "CZE"]
[SourceTitle "CBM 174 Extra"]
[Source "ChessBase"]
[SourceDate "2016.10.10"]
[SourceVersion "1"]
[SourceVersionDate "2016.10.10"]
[SourceQuality "1"]

1. d4 Nf6 2. c4 g6 3. Nc3 d5 4. Nf3 Bg7 5. Bf4 0-0 6. Rc1 c5 7. dxc5 dxc4 8. e4 Qa5 9. e5 Nfd7 10. Bxc4 Nxc5 11. 0-0 Be6 12. Nd5 Nc6 13. Qe2 Bg4 14. Rfd1 Bxf3 15. Qxf3 Nd7 16. Nxe7+ Nxe7 17. Rxd7 Rac8 18. Qb3 Nc6 19. Rxf7 Rxf7 20. Bxf7+ Kh8 21. Qe6 Rd8 22. Bg5 Qc5 23. g3 1-0